000 00345nam a2200133Ia 4500
005 20260328101520.0
008 260328s9999||||xx |||||||||||||| ||und||
100 _aPowell, Robert
245 0 _aInnovative Architecture of Singapore /
_cRobert Powell
260 _bSelect Books
300 _a151 p.
650 _aARQUITECTURA REGIONAL
942 _cBK
999 _c9549
_d9549